| 000 | 01027nam a22003135a 4500 | ||
|---|---|---|---|
| 003 | EG-ScBUE | ||
| 005 | 20220515095257.0 | ||
| 008 | 160803r20001985enka f 001 0 eng d | ||
| 020 | _a0415036844 | ||
| 020 | _a9780415036849 | ||
| 040 |
_aEG-ScBUE _beng _erda _cEG-ScBUE _dEG-ScBUE |
||
| 082 | 0 | 4 |
_222 _a428.2 _bWEK |
| 100 | 1 |
_940634 _aWekker, Herman, _eauthor. |
|
| 245 | 1 | 2 |
_aA modern course in English syntax / _cHerman Wekker and Liliane Haegeman. |
| 250 | _aReprinted edition. | ||
| 264 | 1 |
_aLondon ; _aNew York : _bRoutledge, _c2005. |
|
| 300 |
_a202 pages : _billustrations ; _c24 cm |
||
| 336 |
_2rdacontent _atext _btxt |
||
| 337 |
_2rdamedia _aunmediated _bn |
||
| 338 |
_2rdacarrier _avolume _bnc |
||
| 500 | _aIncludes index. | ||
| 650 | 7 |
_2BUEsh _940636 _aEnglish language _xSyntax. |
|
| 651 | _2BUEsh | ||
| 653 |
_cAugust 2016 _bHHUUEENN |
||
| 653 |
_bHHUUEENN _cSeptember2016 |
||
| 655 |
_vReading book _934232 |
||
| 700 | 1 |
_940635 _aHaegeman, Liliane M. V., _eauthor. |
|
| 942 |
_2ddc _e22 _k428.2 WEK _cBB |
||
| 999 |
_c22108 _d22080 |
||